00758nam a22002057a 4500003000900000008004100009020001500050040007100065082001700136100002400153245004800177260004100225300002600266505016000292650002300452650002100475650001300496650002400509700001900533AR-CdUCM190225b ||||| |||| 00| 0 spa d a9501800946 aMUNICIPALIDAD PROVINCIAL DEL CUSCOcBIBLIOTECA MUNICIPAL DEL CUSCO a218.4 /bM58 aMiller, William Lee aLa libertad religiosa /cWilliam Lee Miller aBuenos Aires :bTres tiempos,c1989. a496 paginas ;c20 cm. aProyecto de ley numero 82 -- La vocación de Jemmy Madison -- Roger Williams, los fundamentos de la cuestión -- Reflexiones después de dos siglos ... aLibertad religiosa aAspectos legales aIglesias aReligión y Estado aReyes, Eduardo